000 00737nam a2200241 i 4500
001 bg
100 1 _aSHERRINGTON, Ingrid
245 0 0 _aThemen neu 2 :
_bLehrwerk für Deutsch als Fremdsprache : Wiederholungbuch /
_cvon Ingrid Sherrington und Ursula Wingate.
260 _aIsmaning :
_bMax Hueber,
_c2000.
300 _a160 s. :
_bfot., rys. ;
_c24 cm +
_edyskietka
490 1 _aHueber Sprachen der Welt
650 9 _aJęzyk niemiecki
655 _aPodręczniki akademickie
700 1 _aWINGATE, Ursula
830 _aHueber Sprachen der Welt
020 _a3194415220
040 _cBPK
041 0 _ade
080 _a811.112.2(075.8)
920 _a3-19-441522-0
942 _cKS
008 s pl f |000 0 pol
999 _c38019
_d38019
856 _uhttp://koha.tu.koszalin.pl/cgi-bin/koha/opac-detail.pl?biblionumber=38019
_yKatalog online BPK